00409nam a2200121Ia 4500008004100000245015000041260001800191260000900209300000800218500001000226650001300236856003800249170516s9999 xx 000 0 und d aLobular Distribution and Variability in Hepatic ATP Binding Cassette Protein B1 (ABCB1, P-gp): Ontogenetic Differences and Potential for Toxicity bPharmaceutics c2017 a9:1 aMarch xPharmacy uhttp://www.mdpi.com/1999-4923/9/1